000 00949cam a2200217 4500
001 WB3746-22
008 011204n2001 000 0 eng u
035 _a(Sirsi) u115839
245 _aMPs claim partial victory on reforms
260 _c2001
490 _aHousing Today
_v(262) 29 November 2001, 3(1)
520 _aProcess of rent restructuring for councils looks set to be altered to soften its impact. Housing minister Lord Falconer agreed to allow councils to introduce average rent targets across all properties in April 2002 mainly where computer problems are holding up individual target rents. Further consultation will take place over moves to individual property rents over the next 10 years.
590 _aWB
650 _aRENT REFORM
650 _aRENT SUBSIDIES
650 _aLOCAL AUTHORITIES
650 _aMAXIMUM RENTS
650 _aASSOCIATION OF LONDON GOVERNMENT
690 _aAffordable housing
_96215
942 _n0
999 _c69005
_d69005